00376pab a2200145 454500008004000000100002400040245003700064260000900101300001300110362001200123650001300135650002500148650001900173773003800192180718b1997 xxu||||| |||| 00| 0 eng d aFitzgerald, Timothy aAmbedkar Buddhism in Maharashtra c1997 ap.225-51 aJul-Dec aBuddhism aAmbedkar on Buddhism aAmbedkar, B.R. aContributions to Indian Sociology